IB Subjects - Statistics

General Stats
  • This quiz has been taken 103 times
  • The average score is 16 of 31
Answer Stats
Answer % Correct
Biology
93%
Chemistry
93%
Physics
92%
History
87%
Economics
79%
Geography
72%
Analysis and Approaches
67%
Psychology
67%
Music
64%
Literature
63%
Language and Literature
61%
Computer Science
60%
Theatre
59%
Visual Arts
59%
Applications and Interpretations
57%
Business Management
53%
Language B
51%
Language Ab Inito
45%
Film
44%
Dance
41%
Global Politics
39%
Environmental Systems and Societies
37%
Theory of Knowledge
37%
Philosophy
36%
Sports, Exercise, and Health Science
32%
Design Technology
21%
Digital Society
19%
Anthropology
16%
Literature and Performance
15%
Classical Languages
13%
World Religions
13%
No matching quizzes found
Score Distribution
Percent of People with Each Score
Percentile by Number Answered
Your Score History
You have not taken this quiz